[Event "POL-chT2 U18"]
[Site "Augustow"]
[Date "1996.??.??"]
[Round "?"]
[White "Hetnerowski, P."]
[Black "Wasilewski, Bartlomiej"]
[Result "1/2-1/2"]
[WhiteElo "1800"]
[BlackElo "1800"]
[PlyCount "22"]
[EventDate "1996.??.??"]
[EventType "team"]
[EventRounds "10"]
[EventCountry "POL"]
[SourceTitle "EXT 2003"]
[Source "ChessBase"]
[SourceDate "2002.11.25"]
[SourceVersion "1"]
[SourceVersionDate "2002.11.25"]
[SourceQuality "1"]

1. Nf3 d5 2. c4 dxc4 3. Qa4+ Nc6 4. Qxc4 e5 5. d3 Bd6 6. g3 Nge7 7. Bg2 0-0 8. 0-0 Be6 9. Qc2 f6 10. a3 a5 11. Nbd2 Qd7 1/2-1/2